000 00624nam a22002177a 4500
999 _c6601
_d6601
001 6601
003 BD-JhCC
005 20180127103408.0
008 180127b xxu||||| |||| 00| 0 eng d
035 _a(BD-JhCC)6601
040 _aBD-JhCC
_dBD-JhCC
041 _aeng
082 _a582.16
_bSHA 1980
100 _aদ্বিজেন শর্মা
245 _aশ্যামলী নিসর্গ /
_cশর্মা, দ্বিজেন
260 _aঢাকা :
_bবাংলা একাডেমী,
_c1980
300 _a250 p. :
_c26 cm.
650 _aBotany
942 _2ddc
_cBK